000163777 001__ 163777 000163777 005__ 20260127151100.0 000163777 0248_ $$2sideral$$a107752 000163777 037__ $$aART-2011-107752 000163777 041__ $$aspa 000163777 100__ $$0(orcid)0000-0003-3433-1775$$aMesa Gancedo, Daniel$$uUniversidad de Zaragoza 000163777 245__ $$aVargas Llosa y la novela: algunas enmiendas a la totalidad 000163777 260__ $$c2011 000163777 5060_ $$aAccess copy available to the general public$$fUnrestricted 000163777 540__ $$9info:eu-repo/semantics/openAccess$$aAll rights reserved$$uhttp://www.europeana.eu/rights/rr-f/ 000163777 655_4 $$ainfo:eu-repo/semantics/article$$vinfo:eu-repo/semantics/publishedVersion 000163777 7102_ $$13002$$2583$$aUniversidad de Zaragoza$$bDpto. Filología Española$$cÁrea Literatura Española 000163777 773__ $$g97-98 (2011), 233-261$$pTuria (Teruel)$$tTuria (Teruel)$$x0213-4373 000163777 8564_ $$s3695629$$uhttps://zaguan.unizar.es/record/163777/files/texto_completo.pdf$$yVersión publicada 000163777 8564_ $$s16503$$uhttps://zaguan.unizar.es/record/163777/files/texto_completo.jpg?subformat=icon$$xicon$$yVersión publicada 000163777 85641 $$uhttps://www.ieturolenses.org/revista_turia/index.php/revista-cultural-turia-numero-97-98.html$$zTexto completo de la revista 000163777 909CO $$ooai:zaguan.unizar.es:163777$$particulos$$pdriver 000163777 951__ $$a2026-01-27-15:07:21 000163777 980__ $$aARTICLE